000 01009 a2200205 4500
003 Nust
005 20221208190516.0
020 _a0-471-61716-4
020 _a0-471-85978-8
040 _cNust
082 0 _a621.382,HAY
100 1 _aHaykin, Simon S.,
_997334
245 0 3 _aAn introduction to analog and digital communications /
_cSimon Haykin
260 _aNew York :
_bWiley,
_cc1989
300 _axvi, 652 p. :
_bill. ;
_c26 cm
505 _aIntroduction (Page-1), Fourier Analysis (Page-13), Filtering and Signal Distortion (Page-83), Spectral Density and Correlation (Page-127), Digital Coding of Analog Waveforms (Page-177), Intersymbol Interference and Its Cures (Page-227), Modulation Techniques (Page-259), Probability Theory and Random Processes (Page-403), Noise in Analog Modulation (Page-493), Optimum Receivers for Data Communication (Page-539).
650 7 _aTelecommunications engineering.
_958485
856 _uhttp://www.loc.gov/catdir/toc/onix02/88015512.html
942 _2ddc
_cBK
999 _c193581
_d193581